000 00364nam a2200133Ia 4500
008 210716s1986 xx 000 0 und d
041 _aeng
082 _a005.301 BERT
100 _aBerliner, Thomas H;Reeves, David T.
245 _aIllustrated lotus 1-2-3 book.
260 _aNew Delhi
_bGalgotia Publications Pvt Ltd
_c1986
300 _aiv,288
650 _aNone
999 _c180586
_d180586